000 00740nam a2200241Ia 4500
003 OSt
005 20220926025907.0
006 a|||||r|||| 00| 0
007 ta
008 220923b |||||||| |||| 00| 0 eng d
037 _cGeneral Book
040 _aRTL
_cRTL
_beng
041 _2eng
_aeng
082 _aX:920gT:58, L7
110 _aOrganisation for Economic Co-Operation and Development
_942504
245 0 _aSelection and cerification in education and employ
260 _aParis
_bOECD
_c1977
300 _a144p.
_ccm.
650 _aJob Evaluation
_9241457
700 _aOrganisation for Economic Co-Operation and Development
_942505
942 _hX:920gT:58, L7
_cGB
_2CC
999 _c648195
_d648195